Welcome to WEB OPAC of MRSPTU Central Library

Electronic devices & circuits (Record no. 7691)

MARC details
000 -LEADER
fixed length control field 00392nam a2200157Ia 4500
008 - FIXED-LENGTH DATA ELEMENTS--GENERAL INFORMATION
fixed length control field 230711s9999||||xx |||||||||||||| ||und||
041 ## - LANGUAGE CODE
Language code of text/sound track or separate title ENG
082 ## - DEWEY DECIMAL CLASSIFICATION NUMBER
Classification number 621.381
Item number RA-E
100 ## - MAIN ENTRY--PERSONAL NAME
Personal name Rajesh Kumar
245 #0 - TITLE STATEMENT
Title Electronic devices & circuits
250 ## - EDITION STATEMENT
Edition statement 11th Ed.
260 ## - PUBLICATION, DISTRIBUTION, ETC.
Date of publication, distribution, etc. 2011
Place of publication, distribution, etc. Jalandhar
Name of publisher, distributor, etc. Eagles Prakashan Regd
300 ## - PHYSICAL DESCRIPTION
Extent 280p.
650 ## - SUBJECT ADDED ENTRY--TOPICAL TERM
Topical term or geographic name entry element Electronics Engineering
942 ## - ADDED ENTRY ELEMENTS (KOHA)
Koha item type Book
Holdings
Withdrawn status Lost status Damaged status Not for loan Collection Home library Current library Date acquired Cost, normal purchase price Total checkouts Full call number Barcode Date last seen Price effective from Koha item type
          MRSPTU Central Library MRSPTU Central Library   188.00   621.381 RA-E PW610 08/17/2023 08/17/2023 Book
          MRSPTU Central Library MRSPTU Central Library   188.00   621.381 RA-E PW611 08/17/2023 08/17/2023 Book
          MRSPTU Central Library MRSPTU Central Library   188.00   621.381 RA-E PW612 08/17/2023 08/17/2023 Book
          MRSPTU Central Library MRSPTU Central Library   188.00   621.381 RA-E PW613 08/17/2023 08/17/2023 Book
          MRSPTU Central Library MRSPTU Central Library   188.00   621.381 RA-E PW614 08/17/2023 08/17/2023 Book
          MRSPTU Central Library MRSPTU Central Library   188.00   621.381 RA-E PW615 08/17/2023 08/17/2023 Book
          MRSPTU Central Library MRSPTU Central Library   188.00   621.381 RA-E PW616 08/17/2023 08/17/2023 Book
          MRSPTU Central Library MRSPTU Central Library   188.00   621.381 RA-E PW617 08/17/2023 08/17/2023 Book
          MRSPTU Central Library MRSPTU Central Library   188.00   621.381 RA-E PW618 08/17/2023 08/17/2023 Book
          MRSPTU Central Library MRSPTU Central Library   188.00   621.381 RA-E PW619 08/17/2023 08/17/2023 Book

Website Designed and Developed by MRSPTU Central Library Team

E-mail Id: librarian@mrsptu.ac.in